Od ISO k výnimočnosti

Medzinárodná organizácia pre normalizáciu (ISO), na základe priaznivých skúseností s kvalitou v niektorých odvetviach priemyslu, vytvorila návod na vytvorenie kvalitnej organizácie označený ako norma systému manažérstva kvality ISO 9001 (aj ISO 9002 a ISO 9003). História ISO. Perspektíva. Národná ce...

Description complète

Enregistré dans:
Détails bibliographiques
Format: Chapitre de livre
Langue:slovaque
Sujets:
Tags: Ajouter un tag
Pas de tags, Soyez le premier à ajouter un tag!

MARC

LEADER 00000naa$a2200000$$$4500
001 0071198
005 20231009110209.1
041 0 |a slo 
044 |a SK 
245 1 0 |a Od ISO k výnimočnosti 
520 |a Medzinárodná organizácia pre normalizáciu (ISO), na základe priaznivých skúseností s kvalitou v niektorých odvetviach priemyslu, vytvorila návod na vytvorenie kvalitnej organizácie označený ako norma systému manažérstva kvality ISO 9001 (aj ISO 9002 a ISO 9003). História ISO. Perspektíva. Národná cena za kvalitu. Model výnimočnosti EFQM. 
610 2 0 |a priemysel 
610 2 0 |a kvalita 
610 2 0 |a normy kvality 
610 2 0 |a normy ISO